| 000 | 00351nam a2200145Ia 4500 | ||
|---|---|---|---|
| 008 | 230917s9999||||xx |||||||||||||| ||und|| | ||
| 040 |
_e247907 _aMAIN |
||
| 041 | _aEnglish | ||
| 082 | _a381.410954 A89G | ||
| 100 | _aAnu Kumar | ||
| 245 | 0 | _aGrowth and performance of Indian agricultural trade | |
| 260 | _c2017 | ||
| 300 | _a94 p. | ||
| 942 | _cTH | ||
| 999 |
_c127549 _d127549 |
||